| 000 | 00672nam a22001697a 4500 | ||
|---|---|---|---|
| 003 | BD-ChCU | ||
| 005 | 20260331113246.0 | ||
| 008 | 260331b bg ||||| |||| 00| 0 ben d | ||
| 040 | _cBD-ChCU | ||
| 082 | _a৮১৩.০১৮ শেখ ১১ | ||
| 100 |
_aদস্তিদার, পুর্ণেন্দু _eঅনুবাদক _920980 |
||
| 245 |
_aশেখঙের গল্প/ _cপুর্ণেন্দু দস্তিদার অনুবাদক |
||
| 260 |
_aঢাকা: _bবাংলা একাডেমী, _c১৯৭০ |
||
| 300 | _a৪৮৭পৃ. | ||
| 650 | 0 |
_aবাংলা ছোটগল্প _920981 |
|
| 942 |
_2ddc _cBK _n0 |
||
| 999 |
_c111962 _d111962 |
||